| 000 | 00398nam a2200181Ia 4500 | ||
|---|---|---|---|
| 003 | 0100 | ||
| 008 | 130227s9999 xx 000 0 und d | ||
| 040 | _cARRUPELIB | ||
| 050 | _aJC337.S23 1997 | ||
| 100 | _aSacks, Jonathan | ||
| 245 | 4 | _aThe politics of hope | |
| 260 | _aLondon | ||
| 260 | _bJonathan Cape | ||
| 260 | _C1997 | ||
| 300 | _axvi | ||
| 300 | _b 288p. 24cm. | ||
| 942 |
_2lcc _02 |
||
| 999 |
_c4268 _d4268 |
||